Statistics for Madden Players Covers 2010-22

Click here to take the quiz!

General Stats

  • This quiz has been taken 49 times
  • The average score is 8 of 13

Answer Stats

YearTeams for the PlayerAnswer% Correct
2022Coach for the Oakland RaidersJohn Madden
89%
2021Coach for the Oakland RaidersJohn Madden
89%
2020Kansas City ChiefsPatrick Mahomes
89%
2018New England Patriots & Tampa Bay BuccaneersTom Brady
89%
2011New Orleans SaintsDrew Brees
78%
2017New England Patriots & Tampa Bay BuccaneersRob Gronkowski
78%
2019Pittsburgh Steelers, Oakland Raiders, New England Patriots & Tampa Bay BuccaneersAntonio Brown
65%
2013Detroit LionsCalvin Johnson
62%
2014Minnesota Vikings, New Orleans Saints, Arizona Cardinals, Washington Redskins, Detroit Lions, Tennessee Titans & Seattle SeahawksAdrian Peterson
49%
2016New York Giants, Cleveland Browns & Los Angeles RamsOdell Beckham
41%
2015Tampa Bay BuccaneersRichard Sherman
41%
2012Denver Broncos, Kansas City Chiefs, Tampa Bay Buccaneers & New York GiantsPeyton Hillis
22%
2010Pittsburgh Steelers & Arizona CardinalsTroy Polamalu
Larry Fitzgerald
5%

Score Distribution

Percentile by Number Answered

Percent of People with Each Score

Your Score History

You have not taken this quiz